[Event "Mistrovstvi CR senioru nad 50 let"]
[Site "Pelcovo divadlo Rychnov nad Kn"]
[Date "2016.08.22"]
[Round "3.8"]
[White "Korinkova, Eva"]
[Black "Marinov, Peter"]
[Result "1-0"]
[WhiteElo "1740"]
[BlackElo "1763"]
[PlyCount "0"]
[EventDate "2016.08.20"]
[PlyCount "75"]

1. e4 d6 2. d4 e6 3. Nf3 Nd7 4. Nc3 Be7 5. Bd3 e5 6. Bc4 c6 7. a4 a5 8. Be3 h6
9. Qe2 Qc7 10. O-O Nb6 11. Bb3 Bg4 12. dxe5 dxe5 13. h3 Bh5 14. g4 Bg6 15. Bxb6
Qxb6 16. Nxe5 Bd6 17. Nxg6 fxg6 18. e5 Bc5 19. Qc4 O-O-O 20. Ne4 Bb4 21. Rad1
Be7 22. Qe6+ Kb8 23. Rd7 Bh4 24. Rfd1 Rf8 25. Qd6+ Ka7 26. Qxf8 Nf6 27. Qc5
Nxd7 28. Rxd7 Re8 29. Qxb6+ Kxb6 30. e6 Re7 31. g5 Rxd7 32. exd7 Kc7 33. Be6
hxg5 34. Kg2 g4 35. hxg4 Be7 36. f4 b5 37. b3 Kd8 38. Kf3 1-0

[Event "Mistrovstvi CR senioru nad 60 let"]
[Site "Pelcovo divadlo Rychnov nad Kn"]
[Date "2016.08.22"]
[Round "3.1"]
[White "Pribyl, Josef"]
[Black "Novotny, Josef"]
[Result "0-1"]
[WhiteElo "2266"]
[BlackElo "2078"]
[PlyCount "86"]
[EventDate "2016.08.20"]

1. d4 e6 2. e4 d6 3. f4 g6 4. Nf3 Bg7 5. Nc3 Nc6 6. Be3 Nf6 7. e5 Nd5 8. Nxd5
exd5 9. Bb5 O-O 10. Qd2 Ne7 11. h3 f6 12. exf6 Bxf6 13. g4 c5 14. Be2 Rf7 15.
O-O-O c4 16. Rdg1 b5 17. h4 a5 18. h5 b4 19. hxg6 hxg6 20. Ng5 Bxg5 21. fxg5
Ba6 22. Bd1 c3 23. Qh2 Kf8 24. Bf4 Ke8 25. Bxd6 Kd7 26. Re1 Nc6 27. Bc5 Qxg5+
28. Kb1 Kc8 29. Qd6 Kb7 30. Re5 Qf4 31. Rxd5 Qe4 32. Rg1 Qe3 33. Qh2 cxb2 34.
Kxb2 Qa3+ 35. Kb1 Bc4 36. Rd6 Bxa2+ 37. Ka1 Bc4+ 38. Kb1 Qa2+ 39. Kc1 Rc8 40.
Qg3 b3 41. cxb3 Rf2 42. Qc3 Bd3 43. Rd7+ Ka8 0-1

[Event "Mistrovstvi CR senioru nad 60 let"]
[Site "Pelcovo divadlo Rychnov nad Kn"]
[Date "2016.08.22"]
[Round "3.2"]
[White "Lorenc, Oldrich"]
[Black "Pilar, Miloslav"]
[Result "1/2-1/2"]
[WhiteElo "2063"]
[BlackElo "2173"]
[PlyCount "41"]
[EventDate "2016.08.20"]

1. c4 Nf6 2. Nc3 c5 3. e4 Nc6 4. Nge2 g6 5. g3 Bg7 6. Bg2 d6 7. O-O O-O 8. h3
e5 9. d3 a6 10. a4 Rb8 11. Kh2 Ne8 12. f4 exf4 13. Nxf4 Nd4 14. Nfd5 Be6 15.
Rb1 b5 16. axb5 axb5 17. Be3 Bxd5 18. Nxd5 Nc7 19. b4 Nxd5 20. cxd5 Qe7 21. Qd2
1/2-1/2

[Event "Mistrovstvi CR senioru nad 60 let"]
[Site "Pelcovo divadlo Rychnov nad Kn"]
[Date "2016.08.22"]
[Round "3.3"]
[White "Trojan, Lubos"]
[Black "Vorobyov, Yrij"]
[Result "1/2-1/2"]
[WhiteElo "1989"]
[BlackElo "2160"]
[PlyCount "56"]
[EventDate "2016.08.20"]

1. d4 Nf6 2. Nf3 c5 3. c3 e6 4. e3 Nc6 5. Nbd2 d5 6. Bd3 Bd6 7. O-O O-O 8. Re1
e5 9. dxe5 Nxe5 10. Nxe5 Bxe5 11. Nf3 Bc7 12. h3 Be6 13. Qc2 c4 14. Bf5 Bxf5
15. Qxf5 Re8 16. Qc2 Ne4 17. Rd1 Qd6 18. b3 Qe6 19. Ba3 Rac8 20. bxc4 dxc4 21.
Nd4 Qe5 22. f4 Qa5 23. Bb4 Qh5 24. a4 a6 25. Rab1 Rcd8 26. Ba3 Ba5 27. Bb4 Bc7
28. Ba3 Ba5 1/2-1/2

[Event "Mistrovstvi CR senioru nad 60 let"]
[Site "Pelcovo divadlo Rychnov nad Kn"]
[Date "2016.08.22"]
[Round "3.4"]
[White "Mlynek, Petr"]
[Black "Sveda, Jiri"]
[Result "1-0"]
[WhiteElo "2153"]
[BlackElo "1930"]
[PlyCount "97"]
[EventDate "2016.08.20"]

1. d4 e6 2. c4 f5 3. Nf3 Nf6 4. g3 b6 5. Bg2 Bb4+ 6. Bd2 Bxd2+ 7. Nbxd2 Bb7 8.
O-O O-O 9. Qc2 Qe8 10. Ne5 Bxg2 11. Kxg2 d6 12. Nef3 Nbd7 13. b4 a5 14. a3 h6
15. c5 axb4 16. axb4 bxc5 17. bxc5 dxc5 18. dxc5 Qe7 19. Nb3 Nd5 20. c6 N7f6
21. Qc5 Ne4 22. Qxe7 Nxe7 23. Nbd4 Nc5 24. Rfc1 Rxa1 25. Rxa1 Rf6 26. Ra5 Ne4
27. Ra8+ Kh7 28. Re8 Nd5 29. Rxe6 Rxe6 30. Nxe6 Kg6 31. Nf4+ Nxf4+ 32. gxf4 Kf6
33. h4 h5 34. Nd4 Nc5 35. Nb5 Ne6 36. e3 g6 37. f3 Nd8 38. Nxc7 Nxc6 39. e4 Nb4
40. Kf2 Kf7 41. Ke2 Nc2 42. Nb5 Ke6 43. Kd2 Nb4 44. Kc3 Na6 45. Kc4 Nb8 46.
Nd4+ Kf6 47. Kc5 Na6+ 48. Kd6 Nb4 49. e5+ 1-0

[Event "Mistrovstvi CR senioru nad 60 let"]
[Site "Pelcovo divadlo Rychnov nad Kn"]
[Date "2016.08.22"]
[Round "3.5"]
[White "Salac, Jiri"]
[Black "Rucka, Alois"]
[Result "0-1"]
[WhiteElo "2102"]
[BlackElo "1927"]
[PlyCount "0"]
[EventDate "2016.08.20"]
[PlyCount "64"]

1. d4 Nf6 2. Bf4 e6 3. e3 b6 4. Nd2 Bb7 5. Ngf3 d6 6. Bd3 Nbd7 7. Qe2 h6 8. e4
g5 9. Bg3 Nh5 10. O-O Bg7 11. c3 Qe7 12. a4 a5 13. Nc4 O-O 14. Nfd2 Nxg3 15.
hxg3 Rae8 16. Ne3 c5 17. Nc2 d5 18. Bb5 f5 19. exf5 exf5 20. Qxe7 Rxe7 21. Bxd7
Rxd7 22. dxc5 bxc5 23. Nb3 Rc8 24. Nxa5 Ba6 25. Rfd1 d4 26. b4 Be2 27. Rd2 d3
28. Ra3 dxc2 29. Rxc2 cxb4 30. Rxe2 bxa3 31. c4 Bc3 32. Nb3 Rxc4 0-1

[Event "Mistrovstvi CR senioru nad 60 let"]
[Site "Pelcovo divadlo Rychnov nad Kn"]
[Date "2016.08.22"]
[Round "3.6"]
[White "Pavlis, Jaromir"]
[Black "Pospisil, Evzen"]
[Result "0-1"]
[WhiteElo "1903"]
[BlackElo "2097"]
[PlyCount "54"]
[EventDate "2016.08.20"]

1. Nf3 Nf6 2. d4 e6 3. g3 c5 4. Bg2 Nc6 5. O-O Qb6 6. c3 d5 7. e3 Be7 8. Nbd2
O-O 9. b3 cxd4 10. Nxd4 Bd7 11. Bb2 Nxd4 12. exd4 Rfc8 13. Re1 Bb5 14. Bf1 Bxf1
15. Kxf1 Rc7 16. Kg2 Rac8 17. Re3 a6 18. f3 h6 19. a3 Ne8 20. f4 Nd6 21. Qf3
Qc6 22. a4 b5 23. Ba3 Nf5 24. Rd3 Bxa3 25. Rxa3 b4 26. cxb4 Qc2 27. Kh3 Qb2 0-1

[Event "Mistrovstvi CR senioru nad 60 let"]
[Site "Pelcovo divadlo Rychnov nad Kn"]
[Date "2016.08.22"]
[Round "3.7"]
[White "Oburka, Vladislav"]
[Black "Uhmann, Jan"]
[Result "0-1"]
[WhiteElo "1879"]
[BlackElo "2063"]
[PlyCount "0"]
[EventDate "2016.08.20"]
[PlyCount "52"]

1. e4 e5 2. Nf3 Nc6 3. d4 exd4 4. Nxd4 Bc5 5. Be3 Qf6 6. c3 Nge7 7. Be2 d5 8.
Bf3 Ne5 9. exd5 Nxf3+ 10. Nxf3 Bxe3 11. fxe3 Bg4 12. O-O Qb6 13. Qd4 Bxf3 14.
Qxb6 axb6 15. gxf3 Nxd5 16. Kf2 f5 17. Nd2 O-O 18. a3 Rad8 19. Rad1 f4 20. exf4
Nxf4 21. Kg3 Rd6 22. h4 Nh5+ 23. Kg2 Rfd8 24. Rf2 Nf4+ 25. Kh2 Nd3 26. Rg2 Nxb2
0-1

[Event "Mistrovstvi CR senioru nad 60 let"]
[Site "Pelcovo divadlo Rychnov nad Kn"]
[Date "2016.08.22"]
[Round "3.8"]
[White "Ondrejat, Miroslav"]
[Black "Sibl, Vaclav"]
[Result "1/2-1/2"]
[WhiteElo "2028"]
[BlackElo "1944"]
[PlyCount "0"]
[EventDate "2016.08.20"]
[PlyCount "42"]

1. e4 d6 2. d4 Nf6 3. Nc3 e5 4. dxe5 dxe5 5. Qxd8+ Kxd8 6. Bc4 Be6 7. Bxe6 fxe6
8. Bg5 a6 9. O-O-O+ Bd6 10. f4 Ke7 11. Nf3 Nc6 12. Rhe1 b5 13. f5 b4 14. Na4
Rab8 15. g4 Kf7 16. Bxf6 gxf6 17. Rg1 exf5 18. gxf5 Rhg8 19. Kd2 Bf8 20. Rxg8
Kxg8 21. Ke2 Bd6 1/2-1/2

[Event "Mistrovstvi CR senioru nad 60 let"]
[Site "Pelcovo divadlo Rychnov nad Kn"]
[Date "2016.08.22"]
[Round "3.9"]
[White "Klimes, Jiri"]
[Black "Hlavac, Frantisek"]
[Result "1/2-1/2"]
[WhiteElo "1868"]
[BlackElo "1989"]
[PlyCount "22"]
[EventDate "2016.08.20"]

1. e4 c5 2. d4 cxd4 3. Qxd4 Nc6 4. Qa4 g6 5. Nf3 Bg7 6. c3 d6 7. Bg5 Bd7 8. Qa3
Nf6 9. Nbd2 O-O 10. Bd3 a6 11. O-O Qa5 1/2-1/2

[Event "Mistrovstvi CR senioru nad 60 let"]
[Site "Pelcovo divadlo Rychnov nad Kn"]
[Date "2016.08.22"]
[Round "3.10"]
[White "Dolezal, Radoslav"]
[Black "Briza, Jiri"]
[Result "1-0"]
[WhiteElo "1974"]
[BlackElo "1904"]
[PlyCount "41"]
[EventDate "2016.08.20"]

1. e4 e5 2. Nf3 Nc6 3. Bb5 Nf6 4. O-O Nxe4 5. Re1 Nd6 6. Ba4 Be7 7. Nxe5 Nxe5
8. Rxe5 O-O 9. d4 Bf6 10. Re1 Nf5 11. c3 d5 12. Bf4 c6 13. Nd2 Nh4 14. Bc2 Bg5
15. Qh5 Bh6 16. Bxh6 gxh6 17. Qxh6 Ng6 18. Nf3 f5 19. Ng5 Qc7 20. Re3 f4 21.
Bxg6 1-0

[Event "Mistrovstvi CR senioru nad 60 let"]
[Site "Pelcovo divadlo Rychnov nad Kn"]
[Date "2016.08.22"]
[Round "3.11"]
[White "Lexa, Vaclav"]
[Black "Just, Pavel"]
[Result "1/2-1/2"]
[WhiteElo "1860"]
[BlackElo "1971"]
[PlyCount "0"]
[EventDate "2016.08.20"]
[PlyCount "50"]

1. d4 Nf6 2. c4 e6 3. Nc3 Bb4 4. f3 Bxc3+ 5. bxc3 c5 6. e4 Qa5 7. Bd2 d6 8. Bd3
e5 9. Ne2 Nc6 10. O-O Qc7 11. Be3 b6 12. h3 h6 13. f4 Bd7 14. fxe5 dxe5 15. Qe1
O-O-O 16. dxc5 bxc5 17. Bxc5 Be6 18. Rd1 Rd7 19. Ng3 Rhd8 20. Qe2 Na5 21. Bb4
Nxc4 22. Nf5 Ne8 23. Ne3 Nxe3 24. Ba6+ Kb8 25. Rxd7 Rxd7 1/2-1/2

[Event "Mistrovstvi CR senioru nad 60 let"]
[Site "Pelcovo divadlo Rychnov nad Kn"]
[Date "2016.08.22"]
[Round "3.12"]
[White "Vesely, Emanuel"]
[Black "Kohout, Jan"]
[Result "1/2-1/2"]
[WhiteElo "1784"]
[BlackElo "1963"]
[PlyCount "57"]
[EventDate "2016.08.20"]

1. c4 Nf6 2. Nc3 e6 3. g3 Be7 4. Bg2 O-O 5. Nf3 d5 6. d4 b6 7. cxd5 exd5 8. O-O
Bb7 9. Bf4 a6 10. Rc1 Nbd7 11. Na4 Ne8 12. Bh3 Bd6 13. Bxd6 Nxd6 14. e3 Ne4 15.
Qc2 Rc8 16. Ne5 f5 17. f4 g6 18. Bg2 Nxe5 19. fxe5 Qd7 20. Bxe4 dxe4 21. Rfd1
Bd5 22. b3 Rfd8 23. Nc3 c6 24. Qe2 a5 25. Rd2 Rc7 26. Rdc2 Rdc8 27. Na4 Rb8 28.
Rc3 h5 29. Qf2 1/2-1/2

[Event "Mistrovstvi CR senioru nad 60 let"]
[Site "Pelcovo divadlo Rychnov nad Kn"]
[Date "2016.08.22"]
[Round "3.13"]
[White "Sobotnik, Petr"]
[Black "Pokorny, Jan"]
[Result "1/2-1/2"]
[WhiteElo "1947"]
[BlackElo "1853"]
[PlyCount "138"]
[EventDate "2016.08.20"]

1. c4 Nf6 2. Nc3 g6 3. g3 Bg7 4. Bg2 O-O 5. d4 c6 6. e4 d6 7. Nf3 Na6 8. O-O
Bg4 9. h3 Bxf3 10. Bxf3 e5 11. Be3 Nd7 12. Qd2 Qe7 13. Rad1 Rad8 14. Be2 Nc7
15. Kh2 c5 16. d5 f5 17. Bg5 Bf6 18. Bh6 Bg7 19. Bg5 Bf6 20. Bd3 Bg7 21. Be3
Rf7 22. f4 exf4 23. Bxf4 Rdf8 24. Rde1 Ne5 25. exf5 gxf5 26. Be2 Qd7 27. Bh5
Ng6 28. Qc2 Re7 29. Bg5 Rxe1 30. Rxe1 Be5 31. Ne2 b5 32. b3 b4 33. Nf4 Re8 34.
Re2 Qg7 35. Qxf5 Rf8 36. Qe4 Re8 37. Bxg6 hxg6 38. Kg2 Bd4 39. Qf3 Re5 40. Qg4
Qf7 41. Nd3 Rxe2+ 42. Qxe2 Nxd5 43. Qf3 Nc3 44. Qxf7+ Kxf7 45. Nc1 Ke6 46. Kf3
d5 47. Be3 dxc4 48. bxc4 Bxe3 49. Kxe3 a5 50. Nb3 Nxa2 51. Nxa5 Nc3 52. Nb3 Kd6
53. h4 Nd1+ 54. Ke4 Nb2 55. Nd2 Na4 56. g4 Nc3+ 57. Kd3 Nd1 58. Ke4 Nf2+ 59.
Kf4 Ke6 60. h5 gxh5 61. gxh5 Nd3+ 62. Kg5 Kf7 63. Nb3 Kg7 64. h6+ Kh7 65. Kh5
Ne5 66. Nxc5 b3 67. Nxb3 Nxc4 68. Nc5 Nd6 69. Ne6 Nf7 1/2-1/2

[Event "Mistrovstvi CR senioru nad 60 let"]
[Site "Pelcovo divadlo Rychnov nad Kn"]
[Date "2016.08.22"]
[Round "3.14"]
[White "Jablecnik, Gustav"]
[Black "Istel, Oldrich"]
[Result "1-0"]
[WhiteElo "2108"]
[BlackElo "1686"]
[PlyCount "93"]
[EventDate "2016.08.20"]

1. e4 e5 2. Nf3 d6 3. Bc4 Be6 4. Bxe6 fxe6 5. d3 Nf6 6. O-O Be7 7. c3 Qd7 8.
Qb3 c5 9. Bg5 O-O 10. Bxf6 Bxf6 11. Re1 Nc6 12. c4 Nd4 13. Nxd4 exd4 14. Nd2 b6
15. Qd1 Bh4 16. g3 Bd8 17. Qg4 Qf7 18. f4 h5 19. Qe2 Bf6 20. Nf3 e5 21. f5 g5
22. h3 Qh7 23. Qd2 Qg7 24. Kg2 Kf7 25. g4 Rh8 26. b4 h4 27. Reb1 Rhb8 28. Rb2
Bd8 29. Rab1 Bf6 30. Kh2 Rh8 31. a4 Rhg8 32. a5 Bd8 33. bxc5 dxc5 34. axb6 Bxb6
35. Rxb6 axb6 36. Rxb6 Ke8 37. Qb2 Qc7 38. Qb5+ Kd8 39. Rc6 Ra5 40. Rxc7 Rxb5
41. Ra7 Rb2+ 42. Kg1 Kc8 43. Nxe5 Rb7 44. Ra5 Rgg7 45. Rxc5+ Rgc7 46. Rxc7+
Rxc7 47. Nf3 1-0

[Event "Mistrovstvi CR senioru nad 60 let"]
[Site "Pelcovo divadlo Rychnov nad Kn"]
[Date "2016.08.22"]
[Round "3.15"]
[White "Juricek, Stanislav"]
[Black "Kolek, Josef"]
[Result "1-0"]
[WhiteElo "2082"]
[BlackElo "1796"]
[PlyCount "0"]
[EventDate "2016.08.20"]
[PlyCount "85"]

1. e4 c5 2. Nf3 Nc6 3. d4 cxd4 4. Nxd4 g6 5. c4 Bg7 6. Be3 Nf6 7. Nc3 d6 8. Be2
O-O 9. O-O a6 10. Rc1 Bd7 11. h3 Rc8 12. Qd2 Nxd4 13. Bxd4 Bc6 14. f3 e6 15.
Rfd1 d5 16. exd5 exd5 17. cxd5 Bd7 18. Ne4 Nxe4 19. fxe4 Bxd4+ 20. Qxd4 Qg5 21.
Rxc8 Rxc8 22. Bd3 Bxh3 23. Qf2 Bd7 24. Rf1 Qe7 25. Qf6 Qc5+ 26. Kh2 Be8 27. Rf2
Qc7+ 28. e5 Qd8 29. Qxd8 Rxd8 30. Bc4 Kg7 31. Kg3 h6 32. Kf4 b5 33. Bb3 a5 34.
Ke4 a4 35. Bd1 Bd7 36. Kd4 Rc8 37. Rc2 Rxc2 38. Bxc2 g5 39. Kc5 Kf8 40. Kd6 Ke8
41. e6 fxe6 42. dxe6 Bc8 43. Bg6+ 1-0

[Event "Mistrovstvi CR senioru nad 60 let"]
[Site "Pelcovo divadlo Rychnov nad Kn"]
[Date "2016.08.22"]
[Round "3.16"]
[White "Wiedermann, Jan"]
[Black "Drabek, Miloslav"]
[Result "0-1"]
[WhiteElo "1779"]
[BlackElo "2078"]
[PlyCount "84"]
[EventDate "2016.08.20"]

1. d4 Nf6 2. c4 d6 3. Nc3 e5 4. dxe5 dxe5 5. Qxd8+ Kxd8 6. Bg5 c6 7. O-O-O+
Nbd7 8. Nf3 Kc7 9. g3 Bb4 10. Bh3 Bxc3 11. bxc3 Ne4 12. Be3 Nxc3 13. Rd2 Ne4
14. Rc2 f6 15. Rd1 Ndc5 16. Bg2 Be6 17. Nd2 Nxd2 18. Rdxd2 Na4 19. f4 Bf5 20.
fxe5 fxe5 21. c5 Bxc2 22. Kxc2 Rad8 23. Rxd8 Rxd8 24. Kb3 b5 25. Be4 h6 26. h4
a5 27. Bf3 Rd4 28. Bxd4 exd4 29. Kc2 Nxc5 30. Bg2 Kd6 31. Bf3 Na6 32. a3 c5 33.
Bb7 Nc7 34. Kd3 Ke5 35. Bc6 c4+ 36. Kc2 b4 37. axb4 axb4 38. Kd2 Kd6 39. Ba4
Nd5 40. Bb5 Kc5 41. Ba6 Ne3 42. Kc1 Nf5 0-1

[Event "Mistrovstvi CR senioru nad 60 let"]
[Site "Pelcovo divadlo Rychnov nad Kn"]
[Date "2016.08.22"]
[Round "3.17"]
[White "Novotny, Jaroslav"]
[Black "Kasik, Miroslav"]
[Result "1-0"]
[WhiteElo "1926"]
[BlackElo "1752"]
[PlyCount "0"]
[EventDate "2016.08.20"]
[PlyCount "63"]

1. e4 d5 2. exd5 Qxd5 3. Nc3 Qa5 4. d4 Nf6 5. Nf3 c6 6. h3 e6 7. Bd2 Qc7 8. Bd3
Bd6 9. Qe2 O-O 10. O-O Nbd7 11. Ne4 Be7 12. Neg5 Nb6 13. Ne5 g6 14. Ngf3 Kg7
15. Rfe1 Ng8 16. Rad1 Nd5 17. c4 Nb6 18. b3 Bf6 19. Ng4 Nd7 20. Nxf6 Ndxf6 21.
Bc3 h6 22. g4 Nh7 23. d5+ f6 24. dxe6 Re8 25. Qc2 Ne7 26. Nh4 Nf8 27. Qb2 Ng8
28. Qc2 Ne7 29. Bxf6+ Kxf6 30. Qc3+ Kg5 31. Nf3+ Kf4 32. Qd4+ 1-0

[Event "Mistrovstvi CR senioru nad 60 let"]
[Site "Pelcovo divadlo Rychnov nad Kn"]
[Date "2016.08.22"]
[Round "3.18"]
[White "Perik, Alois"]
[Black "Masek, Jan"]
[Result "0-1"]
[WhiteElo "1829"]
[BlackElo "1911"]
[PlyCount "26"]
[EventDate "2016.08.20"]

1. c4 Nf6 2. Nc3 e5 3. g3 Bb4 4. Bg2 O-O 5. Nd5 Nxd5 6. cxd5 d6 7. e4 f5 8.
exf5 Bxf5 9. Qb3 Na6 10. Ne2 Nc5 11. Qd1 Nd3+ 12. Kf1 Nxf2 13. Qb3 Nd3 0-1

[Event "Mistrovstvi CR senioru nad 60 let"]
[Site "Pelcovo divadlo Rychnov nad Kn"]
[Date "2016.08.22"]
[Round "3.19"]
[White "Vlachopulos, Georgis"]
[Black "Splitek, Lubos"]
[Result "0-1"]
[WhiteElo "1908"]
[BlackElo "1745"]
[PlyCount "0"]
[EventDate "2016.08.20"]
[PlyCount "78"]

1. e4 c5 2. Nf3 d6 3. d4 cxd4 4. Nxd4 Nc6 5. c4 Nf6 6. Nc3 g6 7. Be2 Nxd4 8.
Qxd4 Bg7 9. O-O O-O 10. Bg5 Be6 11. Rac1 Nd5 12. Qd2 Nxc3 13. Rxc3 Bxc3 14.
Qxc3 f6 15. Bh6 Re8 16. f4 Qc8 17. f5 Bf7 18. b4 b5 19. fxg6 Bxg6 20. Rf4 Kf7
21. c5 e5 22. Bg4 exf4 23. Bxc8 Raxc8 24. Qd4 Bxe4 25. Qxd6 Red8 26. Qxf4 Rd1+
27. Kf2 Bd3 28. Qg4 Rf1+ 29. Ke3 Bf5 30. Qg7+ Ke6 31. Qxa7 Re8 32. Ke2 Rb1 33.
Kf2 Kd5 34. Qb7+ Kd4 35. Qxb5 Rb2+ 36. Kg3 Rg8+ 37. Kh4 Rbxg2 38. Bf4 R2g4+ 39.
Kh5 Rxf4 0-1

[Event "Mistrovstvi CR senioru nad 60 let"]
[Site "Pelcovo divadlo Rychnov nad Kn"]
[Date "2016.08.22"]
[Round "3.20"]
[White "Majerik, Vladimir"]
[Black "Jirasek, Jiri"]
[Result "1/2-1/2"]
[WhiteElo "1811"]
[BlackElo "1899"]
[PlyCount "55"]
[EventDate "2016.08.20"]

1. d4 Nf6 2. Nf3 c5 3. c3 e6 4. Bg5 d5 5. e3 Nbd7 6. Bd3 Be7 7. Nbd2 O-O 8. Rc1
b6 9. O-O Bb7 10. Re1 Ne4 11. Bxe7 Qxe7 12. Bb1 f5 13. Ne5 Rf6 14. Ndf3 Nxe5
15. Nxe5 Rh6 16. g3 Rf8 17. f4 g5 18. Bd3 Kh8 19. Nf3 gxf4 20. exf4 Qg7 21.
Bxe4 fxe4 22. Ng5 Rg6 23. Rc2 h6 24. Nh3 Ba6 25. Kh1 Bd3 26. Rd2 cxd4 27. cxd4
Qxd4 28. Nf2 1/2-1/2

[Event "Mistrovstvi CR senioru nad 70 let"]
[Site "Pelcovo divadlo Rychnov nad Kn"]
[Date "2016.08.22"]
[Round "3.1"]
[White "Fiser, Jiri"]
[Black "Most, Zdenek"]
[Result "1/2-1/2"]
[WhiteElo "1952"]
[BlackElo "2038"]
[PlyCount "0"]
[EventDate "2016.08.20"]
[PlyCount "36"]

1. e4 c5 2. Nf3 d6 3. Bb5+ Bd7 4. Bxd7+ Nxd7 5. O-O g6 6. c3 Bg7 7. d4 Qc7 8.
Re1 e6 9. Bf4 e5 10. Bg3 Ngf6 11. Na3 a6 12. dxe5 Nxe5 13. Nxe5 dxe5 14. Nc4
Nd7 15. Bh4 f6 16. Ne3 Nb6 17. a4 Rd8 18. Qe2 Qc6 1/2-1/2

[Event "Mistrovstvi CR senioru nad 70 let"]
[Site "Pelcovo divadlo Rychnov nad Kn"]
[Date "2016.08.22"]
[Round "3.2"]
[White "Haderka, Karel"]
[Black "Jacek, Miloslav"]
[Result "0-1"]
[WhiteElo "1803"]
[BlackElo "1977"]
[PlyCount "32"]
[EventDate "2016.08.20"]

1. c4 c5 2. Nc3 Nf6 3. g3 e6 4. Bg2 d5 5. cxd5 exd5 6. d4 Nc6 7. Nf3 Bg4 8.
dxc5 Bxc5 9. O-O d4 10. Na4 Be7 11. Qd3 O-O 12. Bd2 Qd7 13. b3 Bf5 14. Qb5 a6
15. Ne5 axb5 16. Nxd7 Nxd7 0-1

[Event "Mistrovstvi CR senioru nad 70 let"]
[Site "Pelcovo divadlo Rychnov nad Kn"]
[Date "2016.08.22"]
[Round "3.3"]
[White "Laska, Zdenek"]
[Black "Mesiarik, Rudolf"]
[Result "0-1"]
[WhiteElo "1869"]
[BlackElo "2092"]
[PlyCount "0"]
[EventDate "2016.08.20"]
[PlyCount "60"]

1. d4 Nf6 2. c4 c5 3. Nf3 e6 4. Nc3 a6 5. a3 cxd4 6. Nxd4 Nc6 7. e4 d6 8. Be2
Be7 9. O-O O-O 10. Be3 Bd7 11. f3 Rc8 12. b3 Na5 13. Rc1 d5 14. e5 Ne8 15. cxd5
Bxa3 16. Rc2 Bc5 17. Na4 Bxa4 18. bxa4 Qxd5 19. Qd3 Qxe5 20. f4 Qd6 21. Rfc1 b6
22. g3 Nf6 23. Bf2 Rcd8 24. Rd1 Nd5 25. Nf3 Bxf2+ 26. Kxf2 Qe7 27. Rcd2 Rc8 28.
Qxa6 Qc5+ 29. Ke1 Nb3 30. Rb2 Qc3+ 0-1

[Event "Mistrovstvi CR senioru nad 70 let"]
[Site "Pelcovo divadlo Rychnov nad Kn"]
[Date "2016.08.22"]
[Round "3.4"]
[White "Vitek, Vaclav"]
[Black "Havrlik, Pavel"]
[Result "1-0"]
[WhiteElo "2035"]
[BlackElo "1833"]
[PlyCount "0"]
[EventDate "2016.08.20"]
[PlyCount "41"]

1. e4 e6 2. d4 d5 3. Nc3 Nf6 4. Bg5 Bb4 5. e5 Bxc3+ 6. bxc3 h6 7. Bd2 Nfd7 8.
c4 c5 9. cxd5 cxd4 10. dxe6 Nxe5 11. f4 Bxe6 12. Qe2 Nec6 13. f5 O-O 14. fxe6
Re8 15. O-O-O Rxe6 16. Qf2 Qd5 17. Kb1 Na6 18. c4 Qe5 19. Nf3 Qf5+ 20. Kb2 Nc5
21. Be1 {dale zapis necitelny, bily vyhral v 45. tazich} 1-0

[Event "Mistrovstvi CR senioru nad 70 let"]
[Site "Pelcovo divadlo Rychnov nad Kn"]
[Date "2016.08.22"]
[Round "3.5"]
[White "Truksa, Vaclav"]
[Black "Chmelik, Jiri"]
[Result "1/2-1/2"]
[WhiteElo "1883"]
[BlackElo "2013"]
[PlyCount "35"]
[EventDate "2016.08.20"]

1. d4 Nf6 2. Nf3 e6 3. e3 b6 4. Nbd2 Bb7 5. Bd3 c5 6. c3 cxd4 7. exd4 Be7 8.
O-O O-O 9. Re1 d6 10. Nf1 Nbd7 11. Ng3 Re8 12. Bf4 a6 13. a4 Nf8 14. h3 Ng6 15.
Bg5 Nd5 16. Bd2 Nf6 17. Bg5 Nd5 18. Bd2 1/2-1/2

[Event "Mistrovstvi CR senioru nad 70 let"]
[Site "Pelcovo divadlo Rychnov nad Kn"]
[Date "2016.08.22"]
[Round "3.6"]
[White "Macura, Emil"]
[Black "Glembek, Bohumir"]
[Result "1/2-1/2"]
[WhiteElo "1985"]
[BlackElo "1798"]
[PlyCount "111"]
[EventDate "2016.08.20"]

1. d4 Nf6 2. Nd2 g6 3. e4 d6 4. f4 Bg7 5. Ngf3 O-O 6. Bd3 Nfd7 7. O-O e5 8.
fxe5 dxe5 9. d5 Nc5 10. Bc4 Nbd7 11. b4 Na4 12. Qe1 a6 13. Bb3 Nab6 14. c4 Nf6
15. c5 Nbd7 16. Nc4 Nxd5 17. Bg5 Ne7 18. Qh4 f6 19. Ncxe5+ Kh8 20. Bh6 Nxe5 21.
Nxe5 Qd4+ 22. Kh1 Qxe5 23. Bf4 g5 24. Bxe5 gxh4 25. Bxc7 Nc6 26. a3 Re8 27.
Rae1 Be6 28. Ba4 Bc4 29. Rf4 Bb5 30. Bd1 Ne5 31. Bc2 Ng6 32. Rf3 Bd7 33. h3 Kg8
34. Rd1 Bc6 35. Re1 Bd7 36. Bb3+ Kh8 37. Rf2 Ne5 38. Rd1 Be6 39. Ba4 Nc6 40.
Rf4 Kg8 41. Rd6 Kf7 42. Rxc6 bxc6 43. Bxc6 Rac8 44. Bxe8+ Kxe8 45. Bd6 Kf7 46.
Rxh4 h6 47. Rf4 Kg6 48. Rf3 Bd7 49. Re3 Re8 50. Kg1 Bc6 51. Kf2 Rxe4 52. Rxe4
Bxe4 53. g4 Bc6 54. Bf4 f5 55. Bc1 fxg4 56. hxg4 1/2-1/2

[Event "Mistrovstvi CR senioru nad 70 let"]
[Site "Pelcovo divadlo Rychnov nad Kn"]
[Date "2016.08.22"]
[Round "3.7"]
[White "Skokan, Zdenek"]
[Black "Folta, Jaroslav"]
[Result "1-0"]
[WhiteElo "1967"]
[BlackElo "1767"]
[PlyCount "81"]
[EventDate "2016.08.20"]

1. e4 c6 2. d4 d5 3. Nc3 dxe4 4. Nxe4 Nd7 5. Nf3 Ngf6 6. Nxf6+ Nxf6 7. Bc4 e6
8. Bf4 Be7 9. Qe2 Nd5 10. Bg3 Bb4+ 11. Nd2 Bd6 12. Bxd6 Qxd6 13. c3 O-O 14. O-O
b5 15. Bb3 Bb7 16. Ne4 Qc7 17. g3 Rae8 18. f4 f6 19. Nc5 Bc8 20. Rae1 Qd6 21.
Bc2 f5 22. Qe5 Qd8 23. Rf2 Nf6 24. Bd1 Nd7 25. Nxd7 Bxd7 26. Bb3 Rf6 27. Qd6
Kh8 28. Re5 h5 29. Rfe2 h4 30. Bxe6 Bxe6 31. Qxd8 Rxd8 32. Rxe6 Rd6 33. Rxd6
Rxd6 34. Re5 Rf6 35. b4 Kh7 36. Kf2 Kg6 37. Re7 a6 38. Rd7 hxg3+ 39. hxg3 c5
40. bxc5 Re6 41. d5 1-0

[Event "Mistrovstvi CR senioru nad 70 let"]
[Site "Pelcovo divadlo Rychnov nad Kn"]
[Date "2016.08.22"]
[Round "3.8"]
[White "Tejkal, Jiri"]
[Black "Matoulek, Jaroslav"]
[Result "1-0"]
[WhiteElo "1910"]
[BlackElo "1616"]
[PlyCount "123"]
[EventDate "2016.08.20"]

1. d4 d5 2. c4 c6 3. Nc3 Nf6 4. Nf3 Bg4 5. Ne5 Bf5 6. Qb3 Qb6 7. c5 Qxb3 8.
axb3 Nbd7 9. Bf4 Nxe5 10. Bxe5 Nd7 11. Bg3 g6 12. f3 Bg7 13. e3 O-O 14. e4 dxe4
15. fxe4 Be6 16. Bf2 Nf6 17. Bc4 Bxc4 18. bxc4 Rfd8 19. h3 h6 20. O-O Ne8 21.
Rfd1 e6 22. Ra3 Nc7 23. Rb3 Rab8 24. Ne2 Bf8 25. Ra1 a6 26. Bg3 Rd7 27. Bxc7
Rxc7 28. Rxa6 Bg7 29. e5 g5 30. Rbb6 f6 31. exf6 Bxf6 32. Ra7 Kf7 33. Rb3 Rd7
34. Rd3 Ke7 35. Kf2 b5 36. Rxd7+ Kxd7 37. cxb5 Rxb5 38. b3 Ke7 39. Kf3 Kf7 40.
Ng3 Rb4 41. Ke3 Rb8 42. Ne4 Be7 43. Kd2 Ra8 44. Kc3 Ra2 45. g4 Re2 46. Nd2 Bd8
47. Nc4 Bc7 48. Nb6 Rf2 49. Kc4 Bf4 50. b4 Rb2 51. Na4 Rb1 52. Rb3 Rc1+ 53. Nc3
Bd2 54. Kd3 Rxc3+ 55. Rxc3 Bxc3 56. Kxc3 Ke7 57. Kc4 Kd7 58. b5 cxb5+ 59. Kxb5
Kc7 60. c6 Kb8 61. Kb6 Kc8 62. c7 1-0